It's my life/ (Record no. 190392)

MARC details
000 -LEADER
fixed length control field 00483nam a22001817a 4500
005 - DATE AND TIME OF LATEST TRANSACTION
control field 20220722164815.0
010 ## - LCCN (DPL NO)
LC control number ENG-133868
020 ## - INTERNATIONAL STANDARD BOOK NUMBER
Terms of availability 425.00
International Standard Book Number 978-81-910340-3-5
035 ## - SYSTEM CONTROL NUMBER
System control number EN-117400
037 ## - SOURCE OF ACQUISITION
Source of stock number/acquisition DBAD/PUB
082 ## - DEWEY DECIMAL CLASSIFICATION NUMBER
Classification number 658.40092
100 ## - MAIN ENTRY--PERSONAL NAME
Personal name Baig, Mirza my life
245 ## - TITLE STATEMENT
Title It's my life/
Statement of responsibility, etc Mirza Yawar Baig
260 ## - PUBLICATION, DISTRIBUTION, ETC. (IMPRINT)
Place of publication, distribution, etc New Delhi
Name of publisher, distributor, etc Fingerprinti
Date of publication, distribution, etc 2012
270 ## - ADDRESS
Address 113/A, Darya Ganj
City New Delhi
Postal code 110002
300 ## - PHYSICAL DESCRIPTION
Extent 592p.
Dimensions 19cm(pbk)
942 ## - ADDED ENTRY ELEMENTS (KOHA)
Source of classification or shelving scheme Dewey Decimal Classification
Item type English Books
Classification part N
Call number suffix ANI
Holdings
Withdrawn status Lost status Not for loan Collection code Home library Current library Date acquired Source of acquisition Cost, normal purchase price Full call number Barcode Copy number Cost, replacement price Koha item type
      Non-fiction Community Library Lodhi Road Community Library Lodhi Road 22/07/2022 DBAD/PUB 425.00 658.400 BAI EN-117400 1 425.00 English Books

© Delhi Public Library
Hit Counter
free hit counter